Efektívny podnikateľský model - existenčný základ startupu
Širší a komplexnejší pohľad na startup a jeho podnikateľský model. Podnikateľský model a jeho súčasti ako významný faktor životaschopnosti sartupov. Užší a detailnejší pohľad na startup a podnikateľský model. Príčiny zlyhania startupov. Výsledky výskumu uskutočneného v rokoch 2015-2018. Ciele, výsku...
Saved in:
| Main Author: | |
|---|---|
| Format: | Book Chapter |
| Language: | Slovak |
| Subjects: | |
| Tags: |
No Tags, Be the first to tag this record!
|
MARC
| LEADER | 00000naa$a2200000$$$4500 | ||
|---|---|---|---|
| 001 | 0259580 | ||
| 005 | 20240502083739.9 | ||
| 041 | 0 | |a slo | |
| 044 | |a CZ | ||
| 245 | 1 | 0 | |a Efektívny podnikateľský model - existenčný základ startupu |c Štefan Slávik |
| 520 | |a Širší a komplexnejší pohľad na startup a jeho podnikateľský model. Podnikateľský model a jeho súčasti ako významný faktor životaschopnosti sartupov. Užší a detailnejší pohľad na startup a podnikateľský model. Príčiny zlyhania startupov. Výsledky výskumu uskutočneného v rokoch 2015-2018. Ciele, výskumná vzorka a metódy. Výskumný nástroj - dotazník. | ||
| 610 | 2 | 0 | |a podnikanie |
| 610 | 2 | 0 | |a start-up |
| 610 | 2 | 0 | |a modely podnikateľské |
| 610 | 2 | 0 | |a výskum |
| 610 | 2 | 0 | |a dotazníky |
| 100 | 1 | |a Slávik, Štefan, 1955- | |